000 01048nam a2200265 i 4500
001 157788
003 ES-MaACL
005 20250718062545.0
008 931025s1616 sp |||| | spa d
100 1 _aLipsius, Justus.
_972518
245 1 0 _aLibro de la constancia /
_cde Iusto Lipsio ; traducido de latin en castellano por Iuan Baptista de Mesa...
260 _aImpresso en Seuilla :
_bpor Matias Clauijo,
_c1616.
300 _a[22], 166, [12] p. ;
_c4º.
530 _aDisponible en formato digital.
594 _aSegún Nicolás Antonio, y según Escudero, 1058, el verdadero traductor es Tomás Tamayo de Vargas.
596 _aColofón.
597 _aSing.: ¶4, A-M8.
597 _aPort. con esc. grab. calcográfico.
650 7 _aÉtica
_2embne
_912577
700 1 _aMesa, Juan Bautista.
_9129870
700 1 _aClavijo, Matías.
_9126509
852 _aES-MaACL
_jR-360
_z- Enc. perg.
_x Olim: B-5987
856 _uhttp://bdh-rd.bne.es/viewer.vm?id=0000115002&page=1
_zBiblioteca Digital Hispánica
999 _c157788
_d157788